000 00360nam a2200145Ia 4500
008 230917s9999||||xx |||||||||||||| ||und||
040 _e26814
_aMAIN
041 _aEnglish
082 _a910.02 S82G
100 _aStrahler, Arthur N
245 0 _aGeography and man's environment
260 _aNew York
_bJohn Wiley
_c1977
300 _axi, 560 p.
942 _cBK
999 _c37778
_d37778